| Tag |
First Indicator |
Second Indicator |
Subfields |
| LEADER |
00000cam a2200000 4500 |
| 001 |
in00000045453 |
| 005 |
20151007073104.0 |
| 008 |
731128s1963 wb abf b 00010 eng u |
| 010 |
|
|
|a 63014317
|
| 035 |
|
|
|a (OCoLC)00750801
|
| 035 |
|
|
|9 AAE9104AM
|
| 040 |
|
|
|c ASC
|d TXA
|d UtOrBLW
|
| 049 |
|
|
|a TXAM
|c [400122]
|
| 050 |
|
0 |
|a QE581
|b .P65 1963a
|
| 082 |
0 |
|
|a 551.35
|
| 092 |
|
|
|a 551.35
|b P868p, 1963
|
| 092 |
|
|
|a 551.35
|b P
|
| 100 |
1 |
|
|a Potter, Paul Edwin.
|
| 245 |
1 |
0 |
|a Paleocurrents and basin analysis /
|c by Paul Edwin Potter and F. J. Pettijohn.
|
| 264 |
|
1 |
|a Berlin :
|b Springer,
|c 1963.
|
| 300 |
|
|
|a vi, 296 pages :
|b illustrations, 30 plates, maps, diagrams ;
|c 26 cm.
|
| 336 |
|
|
|a text
|b txt
|2 rdacontent
|
| 337 |
|
|
|a unmediated
|b n
|2 rdamedia
|
| 338 |
|
|
|a volume
|b nc
|2 rdacarrier
|
| 504 |
|
|
|a Includes bibliographies.
|
| 650 |
|
0 |
|a Sedimentation and deposition.
|
| 650 |
|
0 |
|a Sedimentary rocks.
|
| 650 |
|
0 |
|a Paleography.
|
| 700 |
1 |
|
|a Pettijohn, F. J.
|q (Francis John),
|d 1904-1999.
|
| 740 |
0 |
|
|a Basin analysis
|
| 999 |
|
|
|a MARS
|
| 999 |
f |
f |
|s ba3df993-77a9-3836-9687-1f414a53634d
|i cc0b482c-d950-32c3-adb8-4aeacdd7a3e8
|t 0
|
| 952 |
f |
f |
|p ric
|a Texas A&M University
|b Rellis Campus
|c Joint Library Facility
|d Remote Storage
|t 0
|e QE581 .P65 1963a
|h Library of Congress classification
|i unmediated -- volume
|m A14800951460
|
| 952 |
f |
f |
|a Texas A&M University
|b College Station
|c Sterling C. Evans Library
|d Halbouty Reading Rm (Halbouty Bldg 173) (Does not check out)
|t 0
|e 551.35 P
|h Dewey Decimal classification
|
| 998 |
f |
f |
|a QE581 .P65 1963a
|t 0
|l Remote Storage
|
| 998 |
f |
f |
|a 551.35 P
|t 0
|l Halbouty Reading Rm (Halbouty Bldg 173) (Does not check out)
|